| 000 | 00976nam a22002537a 4500 | ||
|---|---|---|---|
| 999 |
_c2407 _d2407 |
||
| 003 | AR-CdUCM | ||
| 008 | 190304b ||||| |||| 00| 0 spa d | ||
| 040 |
_aMUNICIPALIDAD PROVINCIAL DEL CUSCO _cBIBLIOTECA MUNICIPAL DEL CUSCO |
||
| 082 |
_a344.83 / _bG24 |
||
| 100 |
_aGarcía Rada, Domingo _98645 |
||
| 245 |
_aTemas de derecho penal económico : _bSociedad anónima y delito ; el delito tributario / |
||
| 260 |
_aLima : _bTalleres gráficos P.L.Villanueva _c1975 |
||
| 300 |
_a366 paginas : _c23 cm. |
||
| 505 | _aContenido :Parte primera-Conceptos generales --Parte segunda-El delito tributario / | ||
| 650 |
_aDerecho penal económico _98646 |
||
| 650 |
_aResponsabilidad de los administradores de sociedades _98647 |
||
| 650 |
_aAspectos jurídicos. _95026 |
||
| 650 |
_aSociedades comerciales _98648 |
||
| 650 |
_aAspectos legales _93379 |
||
| 650 |
_aDelitos societarios _98649 |
||
| 650 |
_aDelitos comerciales _98650 |
||
| 942 |
_2ddc _cLIBROS |
||
| 945 | _arjall | ||